banner-ar

اسماء بنت ابى بكر او ذات النطاقين / (Record no. 42539)

MARC details
000 -الفاتح
حقل البيانات ثابتة الطول 00566nam a2200181Ia 4500
008 - عناصر البيانات ثابتة الطول - معلومات عامة
حقل البيانات ثابتة الطول 140319s9999 xx 000 0 ara d
040 ## - مصدر الفهرسة
وكالة الفهرسة الأصلية GCL /
وكالة النسخ GCL
082 04 - رقم تصنيف ديوى العشرى
رقم التصنيف ط
رقم المادة 239.6
-- ع ا
100 1# - المدخل الرئيسى - إسم شخصى
الإسم الشخصى عبدالمنعم قنديل
245 10 - بيان العنوان
العنوان اسماء بنت ابى بكر او ذات النطاقين /
بيان المسئوليه,etc عبدالمنعم قنديل
300 ## - الوصف المادى
التعداد 71
490 ## - بيان السلسلة
عنوان السلسلة كتاب
رقم المجلد/ التعيين التسلسلي 0
650 04 - المدخل الاضافى بالموضوع-مصطلح موضوعى
مصطلح موضوعي الاسلام
650 04 - المدخل الاضافى بالموضوع-مصطلح موضوعى
مصطلح موضوعي سيرة الصحابة والخلفاء الراشدين
650 04 - المدخل الاضافى بالموضوع-مصطلح موضوعى
مصطلح موضوعي اسماء بنت ابى بكر
942 ## - عناصر المدخل الإضافي( كوها)
مصدر التصنيف او مخطط الترفيف Dewey Decimal Classification
Koha [default] item type كتاب
Holdings
حالة التراجع حالة الفقد حالة تلف ليس للاعارة المكان المؤقت الموقع الحالى تاريخ الاكتساب اجمالي اﻻعارات رقم الطلب الباركود تاريخ اخر مشاهدة تاريخ تفعيل السعر نوع وعاء كوها
        مكتبة القاهرة الكبرى مكتبة القاهرة الكبرى 03/26/2014   ط\239.6\ع ا 102773 03/26/2014 03/26/2014 كتاب
        مكتبة القاهرة الكبرى مكتبة القاهرة الكبرى 03/26/2014   ط\239.6\ع ا 102774 03/26/2014 03/26/2014 كتاب
        مكتبة القاهرة الكبرى مكتبة القاهرة الكبرى 03/26/2014   ط\239.6\ع ا 102775 03/26/2014 03/26/2014 كتاب

Powered By

EGPV